Tous les modèles Bugatti depuis 2010 - Statistiques

Statistiques générales
  • Ce quiz a été pris 85 fois
    19 depuis la dernière actualisation
  • Le résultat moyen est 12 sur 38
Statistiques - réponses
Par images Réponse % Correct
Bugatti Chiron
100%
Bugatti Bolide
82%
Bugatti Chiron Super Sport
82%
Bugatti Chiron Super Sport 300+
82%
Bugatti La Voiture Noire
82%
Bugatti Divo
76%
Bugatti Tourbillon
76%
Bugatti W16 Mistral
76%
Bugatti Centodieci
71%
Bugatti Chiron Hermes
59%
Bugatti Chiron Pur Sport
59%
Bugatti Chiron Sport
53%
Bugatti Brouillard
47%
Bugatti F.K.P Hommage
47%
Bugatti Vision Gt
41%
Bugatti Atlantic
24%
Bugatti Chiron Profilée
24%
Bugatti 16c Galibier
18%
Bugatti Chiron Sport Les Légendes du Ciel
18%
Bugatti Chiron Noire édition
12%
Bugatti Chiron Pur Sport Green Rhapsody
12%
Bugatti Chiron Sport 110 ans
12%
Bugatti Chiron Super Sport Elephant Blanc
12%
Bugatti Chiron Super Sport Le Diamant Blanc
12%
Bugatti Chiron Super Sport Vagues de Lumières
12%
Bugatti W16 Mistral World Record Edition
12%
Bugatti Chiron 42 secondes édition
6%
Bugatti Chiron l’ébé
6%
Bugatti Chiron Pur Sport Grand Prix
6%
Bugatti Chiron Sport Zebra
6%
Bugatti Chiron Super Sport 57 One of One
6%
Bugatti Chiron Super Sport Hermes 1 of 1
6%
Bugatti Chiron Super Sport l’Ultime
6%
Bugatti Chiron Super Sport type 55 1 of 1
6%
Bugatti Chiron La Mer Argentée
0%
Bugatti Chiron Sport Vive l’Alsace
0%
Bugatti Chiron Super Sport Hommage T50S
0%
Bugatti Chiron Vainqueur de Coeur
0%
Aucun quiz correspondant
Distribution des résultats
% des personnes avec chaque résultat
Percentile par nombre de réponses
Votre historique - résultats
Vous n’avez pas pris ce quiz depuis la dernière actualisation